| 000 | 00948nam a22002177a 4500 | ||
|---|---|---|---|
| 005 | 20251108164200.0 | ||
| 008 | 250721s1985 xx 000 0 ara d | ||
| 082 | 1 | 4 | _a338.27282/علي |
| 100 | 1 | _aعتيقه، علي أحمد | |
| 245 | 1 | 0 |
_aالعرب و الأزمة الإقتصادية العالمية : _bالنفط و التنمية الصناعية في الوطن العربي / |
| 264 | 1 |
_aالكويت : _bشركة كاظمة للنشر و الترجمة و الوزيع، _c1985. |
|
| 300 | _a119ص | ||
| 500 | _aهذا البحث قدم في الحلقة النقاشية السنوية الثامنة التي عقدها المعهد العربي للتخطيط في الكويت ، 1985 | ||
| 650 | 1 | 7 | _aالنفط |
| 650 | 1 | 7 | _aالإقتصاد |
| 650 | 1 | 7 | _aالبلدان العربية |
| 650 | 1 | 7 | _aالسياسة الإقتصادية |
| 700 | 1 | _aبساده، رأفت شفيق | |
| 942 |
_2ddc _cBK |
||
| 999 |
_c5704 _d5704 |
||